000 00333nam a2200121Ia 4500
008 241028s9999 xx 000 0 und d
041 _aeng
082 _a658.872 BHA
100 _aBhatia
245 _aSocial Media and Mobile Marketing: Includes Online Worksheets
260 _bWiley India
_aNew Delhi
_c2019
300 _a272;. P. 23 cm
999 _c43055
_d43055